000 00197nam a22000977a 4500
082 _a823
_bGRI/P
100 _aGRISHAM,JOHN
245 _aTHE PARTNER
246 _aTHE PARTNER
_bTHE PARTNER
942 _cBK
999 _c8170
_d8170